000 00588nam a22002177a 4500
005 20170124110121.0
010 _aA-583154
020 _c00.00
_a0863111904
035 _aA-583154
037 _bCen Lib/Ret
040 _aDPL
_bEN
082 _aN
_bRAO
100 _aRao, Shanta Rameshwar
_9102152
245 _aChildren of god /
_cby Shanta Rameshwar Rao
260 _bOrient longman
_aCalcutta
_c1992
270 _bCalcutta
_a17Chittaranjan avenue
_e700072
300 _a165p.
_c16cm(Hb)
650 _aLiterature
_96262
650 _aNovel
_922513
942 _2ddc
_cEN
_hN
_mRAO
999 _c131021
_d131021